Cellular light weight concrete (Record no. 553718)
[ view plain ]
| 000 -LEADER | |
|---|---|
| fixed length control field | 00400nam a22001457a 4500 |
| 082 ## - DEWEY DECIMAL CLASSIFICATION NUMBER | |
| Classification number | P655 |
| 100 ## - MAIN ENTRY--PERSONAL NAME | |
| Personal name | Capt Ahmed Khan |
| 9 (RLIN) | 50978 |
| 245 ## - TITLE STATEMENT | |
| Title | Cellular light weight concrete |
| 260 ## - PUBLICATION, DISTRIBUTION, ETC. | |
| Place of publication, distribution, etc. | Risalpur, |
| Name of publisher, distributor, etc. | MCE, |
| Date of publication, distribution, etc. | 2016. |
| 300 ## - PHYSICAL DESCRIPTION | |
| Extent | 61p. |
| Other physical details | ill. |
| Dimensions | 26cm |
| 526 ## - STUDY PROGRAM INFORMATION NOTE | |
| Program name | 0 |
| Interest level | 0 |
| Reading level | 0 |
| Title point value | P_655_000000000000000 |
| 526 ## - STUDY PROGRAM INFORMATION NOTE | |
| Program name | 0 |
| Interest level | 0 |
| Reading level | 0 |
| Title point value | P_655_000000000000000 |
| 700 ## - ADDED ENTRY--PERSONAL NAME | |
| Personal name | Lt Col Dr Maqbool Sadiq Awan |
| 942 ## - ADDED ENTRY ELEMENTS (KOHA) | |
| Source of classification or shelving scheme | |
| Koha item type | Book |
| Withdrawn status | Lost status | Source of classification or shelving scheme | Damaged status | Not for loan | Permanent Location | Current Location | Date acquired | Total Checkouts | Full call number | Barcode | Date last seen | Date last checked out | Price effective from | Koha item type |
|---|---|---|---|---|---|---|---|---|---|---|---|---|---|---|
| Military College of Engineering (MCE) | Military College of Engineering (MCE) | 07/20/2016 | 2 | P655 | MCE-P-655 | 12/26/2019 | 12/26/2019 | 03/14/2021 | Book | |||||
| Military College of Engineering (MCE) | Military College of Engineering (MCE) | 07/20/2016 | P655 | MCE-P-656 | 07/20/2016 | 03/14/2021 | Book |
